The economic consequences of the peace (Record no. 425845)

MARC details
000 -LEADER
fixed length control field 00702nam a2200241Ia 4500
008 - FIXED-LENGTH DATA ELEMENTS--GENERAL INFORMATION
fixed length control field 191130s1995##################000#0#eng##
020 ## - INTERNATIONAL STANDARD BOOK NUMBER
ISBN 9780140188059
082 ## - DEWEY DECIMAL CLASSIFICATION NUMBER
Classification number 940.314 KEY
100 ## - MAIN ENTRY--AUTHOR NAME
Personal name Keynes, John Maynard
245 ## - TITLE STATEMENT
Title The economic consequences of the peace
Statement of responsibility, etc by John Maynard Keynes, created by Robert Lekachman
260 ## - PUBLICATION, DISTRIBUTION, ETC. (IMPRINT)
Place of publication New York
Name of publisher Penguin Classics
Year of publication 1995
300 ## - PHYSICAL DESCRIPTION
Number of Pages xxxvii, 298 p
650 ## - SUBJECT ADDED ENTRY--TOPICAL TERM
Topical Term Economic
Topical Term Economic history
Topical Term Europe
Topical Term Treaty of Versailles
Topical Term World War (1914-1918)
700 ## - ADDED ENTRY--PERSONAL NAME
Personal name Lekachman, Robert
991 ## -
-- 182806

No items available.

Find us on the map